|
|
|
|
| LEADER |
01042nam a2200265 a 4500 |
| 001 |
GR-Patra18816 |
| 008 |
060110s mau g 000 0 eng d |
| 020 |
|
|
|a 0071111522
|
| 040 |
|
|
|a GrPaTEI
|b gre
|c GR-PaULI
|
| 040 |
|
|
|a GrPaTEI
|b gre
|c GR-PaULI
|
| 082 |
|
0 |
|a 657.74
|2 21
|
| 100 |
1 |
|
|a Lesikar, Raymond V.
|
| 245 |
1 |
0 |
|a Basic business communication :
|b skills for empowering the internet generation /
|c Raymond V. Lesikar, Marie E. Flatley.
|
| 250 |
|
|
|a 10th ed.
|
| 260 |
|
|
|a Boston :
|b McGraw-Hill / Irwin,
|c c2005
|
| 300 |
|
|
|a 606σ.
|a 1cd
|
| 500 |
|
|
|a Περιέχει 1d-rom
|
| 504 |
|
|
|a Βιβλιογραφία: σ.595-597
|
| 650 |
|
4 |
|a Επιχειρησιακή επικοινωνία
|
| 700 |
1 |
|
|a Flatley, Marie E.
|
| 710 |
0 |
|
|a MCGRAW-HILL.
|b IRWIN
|
| 942 |
|
|
|2 ddc
|
| 952 |
|
|
|0 0
|1 0
|2 ddc
|4 0
|6 657_740000000000000_LES
|7 0
|9 299037
|a LISK
|b LISK
|c BSC
|d 2021-01-17
|e 24
|f 1
|g 0.00
|l 0
|o 657.74 LES
|p 92410027857
|r 2021-01-17 00:00:00
|t 1
|w 2021-01-17
|y BK15
|x 20060110 0 1
|x GrPaTEI
|
| 971 |
|
|
|a .b26663314
|b 15-04-20
|c 23-09-16
|
| 999 |
|
|
|c 173895
|d 173895
|